000 00544nam a22001817a 4500
003 0
005 20231211120549.0
008 231211b xxu||||| |||| 00| 0 eng d
020 _a978-971-518-397-0
050 _aFIL
_bAl1 2010
082 _aFIL
_bAl1 2010
100 _aMatias, Segundo
245 _aAlamat ng paniki = the legend of the bat
_cSegundo Matias
260 _aQuezon City
_bLampara Publishing House, Inc.
_cc2010.
300 _a32 pages :
_bcolored illustrations ;
_c24cm.
650 _aChildren's stories.
942 _2ddc
_cBK
999 _c365742
_d365742